00670nam a22001697a 450000500170000000800430001704100080006004400070006824501020007526000810017730000310025850400530028965000460034265000460038865000360043470000300047020161007020001.0141113b ck ||||| 2006 00| 0 spa d aspa ack aGuía Metodológica Proyectos Ambientales Escolares PRAES cEditado por... Javier, Hoyos-Angulo aBogotá D.C :bCorporación Autónoma Regional de Cundinamarca-CARc2006. a62 pag.bIl., tab.c24 cm. aIncluye referencias bibliográficas (pag 61-62) aProyectos ambientales escolareszColombia aProtección del medio ambientezColombia aEducación ambientalzColombia aHoyos-Angulo, JaviereEd.